Developmental psychology : (Record no. 6264)

MARC details
000 -LEADER
fixed length control field 00841nam a22002417a 4500
003 - CONTROL NUMBER IDENTIFIER
control field OSt
005 - DATE AND TIME OF LATEST TRANSACTION
control field 20251125132839.0
008 - FIXED-LENGTH DATA ELEMENTS--GENERAL INFORMATION
fixed length control field 251125b |||||||| |||| 00| 0 eng d
020 ## - INTERNATIONAL STANDARD BOOK NUMBER
International Standard Book Number 978-1-133-49230-6
040 ## - CATALOGING SOURCE
Original cataloging agency DWC-Main lib
Transcribing agency OC
082 ## - DEWEY DECIMAL CLASSIFICATION NUMBER
Edition number 9th edition
Classification number Circ. 155.4 S525d 2014
100 ## - MAIN ENTRY--PERSONAL NAME
Personal name Shaffer, David F.
245 ## - TITLE STATEMENT
Title Developmental psychology :
Remainder of title childhood and adolescence/
Statement of responsibility, etc. David F. Shaffer
250 ## - EDITION STATEMENT
Edition statement 9th edition
260 ## - PUBLICATION, DISTRIBUTION, ETC.
Place of publication, distribution, etc. U.S.A :
Name of publisher, distributor, etc. Cengage Learning ,
Date of publication, distribution, etc. c2014.
300 ## - PHYSICAL DESCRIPTION
Extent xxvii, 600 pages :
Other physical details color illustrations ;
Dimensions 28cm.
504 ## - BIBLIOGRAPHY, ETC. NOTE
Bibliography, etc. note Includes glossary, index and bibliographical references
650 ## - SUBJECT ADDED ENTRY--TOPICAL TERM
Topical term or geographic name entry element 1. Adolescent psychology
650 ## - SUBJECT ADDED ENTRY--TOPICAL TERM
Topical term or geographic name entry element 2. Child development
650 ## - SUBJECT ADDED ENTRY--TOPICAL TERM
Topical term or geographic name entry element 3. Child psychology
650 ## - SUBJECT ADDED ENTRY--TOPICAL TERM
Topical term or geographic name entry element 4. developmental psychology
942 ## - ADDED ENTRY ELEMENTS (KOHA)
Source of classification or shelving scheme Dewey Decimal Classification
Koha item type Book Circulation
Edition 9th edition
Call number prefix Circ.
Suppress in OPAC No
952 ## - LOCATION AND ITEM INFORMATION (KOHA)
--
Holdings
Withdrawn status Lost status Source of classification or shelving scheme Damaged status Not for loan Home library Current library Shelving location Date acquired Source of acquisition Total Checkouts Full call number Barcode Date last seen Copy number Price effective from Koha item type Uniform Resource Identifier
    Dewey Decimal Classification     College Library College Library Circulation 07/06/2021 School Fund   Circ. 155.4 S525d 2014 CL52901 11/25/2025 c1 11/25/2025 BK-CIRC